| 000 | 00385cam a2200157ua 4500 | ||
|---|---|---|---|
| 001 | 5118 | ||
| 008 | 120306n ii |||gr||||Z||||||eng | ||
| 020 | _a81-7096-575-6 | ||
| 040 | _cMAIN | ||
| 100 |
_aAusten, Jane, _eAuthor, |
||
| 245 | 1 | 1 |
_aPride and perjudice _cby Jane Austen |
| 250 | _a1st. | ||
| 260 |
_aLudhiana: _bKalyani publishers, _c1994. |
||
| 300 |
_a53p: _c23cm. |
||
| 942 | _cBK | ||
| 999 |
_c4300 _d4300 |
||